| 000 | 00800nam a2200253 a 4500 | ||
|---|---|---|---|
| 001 | BRCA_7560 | ||
| 005 | 20190320205904.0 | ||
| 008 | 060613s1955----enkabeof##---#001-0#eng-# | ||
| 041 | _aeng | ||
| 044 | _aenk | ||
| 050 | 4 |
_aN7350 _b.P35 1955 |
|
| 100 | 1 |
_aPaine, Robert Treat _918652 |
|
| 245 | 1 | 0 |
_aThe Art and Architecture of Japan _cRobert Treat Paine & Alexander Soper. |
| 260 |
_aHarmondsworth, Middlesex, Inglaterra _bPenguin _cc1955 |
||
| 300 |
_a316 p. _bil., mapas, planos, 173 láminas _c27 cm. |
||
| 440 | 0 |
_aThe Pelican history of art _918591 |
|
| 500 | _aS39 | ||
| 650 | 1 | 4 |
_aArte _xHistoria _zJapón _91234 |
| 650 | 1 | 4 |
_aArquitectura _xHistoria _zJapón _91249 |
| 650 | 1 | 4 |
_aArquitectura oriental _918653 |
| 700 | 1 |
_aSoper, Alexander _ecoaut. _918654 |
|
| 902 | _aGFM | ||
| 942 |
_2lcc _cB |
||
| 999 |
_c7234 _d7234 |
||